| 000 -LEADER |
| fixed length control field |
02342cam a2200457 a 4500 |
| 001 - CONTROL NUMBER |
| control field |
15369383 |
| 005 - DATE AND TIME OF LATEST TRANSACTION |
| control field |
20200702130916.0 |
| 008 - FIXED-LENGTH DATA ELEMENTS--GENERAL INFORMATION |
| fixed length control field |
080716s2008 nyuabf b 001 0 eng d |
| 010 ## - LIBRARY OF CONGRESS CONTROL NUMBER |
| LC control number |
2008358012 |
| 020 ## - INTERNATIONAL STANDARD BOOK NUMBER |
| International Standard Book Number |
9780871139795 |
| 020 ## - INTERNATIONAL STANDARD BOOK NUMBER |
| International Standard Book Number |
0871139790 |
| 020 ## - INTERNATIONAL STANDARD BOOK NUMBER |
| International Standard Book Number |
9780802144164 |
| 035 ## - SYSTEM CONTROL NUMBER |
| System control number |
(OCoLC)ocn176987983 |
| 040 ## - CATALOGING SOURCE |
| Original cataloging agency |
BTCTA |
| Transcribing agency |
BTCTA |
| Modifying agency |
BAKER |
| -- |
YDXCP |
| -- |
ZAE |
| -- |
CPL |
| -- |
VP@ |
| -- |
YBM |
| -- |
Q2Z |
| -- |
DLC |
| 041 ## - LANGUAGE CODE |
| Language code of text/sound track or separate title |
eng |
| 042 ## - AUTHENTICATION CODE |
| Authentication code |
lccopycat |
| 050 00 - LIBRARY OF CONGRESS CALL NUMBER |
| Classification number |
HF352 |
| Item number |
.B47 2008 |
| 080 ## - UNIVERSAL DECIMAL CLASSIFICATION NUMBER |
| Universal Decimal Classification number |
339.9+32 B-43 |
| 082 04 - DEWEY DECIMAL CLASSIFICATION NUMBER |
| Classification number |
382.09 |
| Edition number |
22 |
| 100 1# - MAIN ENTRY--PERSONAL NAME |
| Personal name |
Bernstein, William J. |
| 9 (RLIN) |
8995 |
| 245 12 - TITLE STATEMENT |
| Title |
A splendid exchange : |
| Remainder of title |
how trade shaped the world / |
| Statement of responsibility, etc. |
William J. Bernstein. |
| 250 ## - EDITION STATEMENT |
| Edition statement |
1st ed. |
| 260 ## - PUBLICATION, DISTRIBUTION, ETC. |
| Place of publication, distribution, etc. |
New York : |
| Name of publisher, distributor, etc. |
Atlantic Monthly Press ; |
| Place of publication, distribution, etc. |
[Berkeley, Calif.?] : |
| Name of publisher, distributor, etc. |
Distributed by Publishers Group West, |
| Date of publication, distribution, etc. |
c2008. |
| 300 ## - PHYSICAL DESCRIPTION |
| Extent |
x, 467 p., [16] p. of plates : |
| Other physical details |
ill., maps ; |
| Dimensions |
24 cm. |
| 504 ## - BIBLIOGRAPHY, ETC. NOTE |
| Bibliography, etc. note |
Includes bibliographical references (p. [429]-447) and index. |
| 505 0# - FORMATTED CONTENTS NOTE |
| Formatted contents note |
Sumer -- The straits of trade -- Camels, perfumes, and prophets -- The Baghdad-Canton express -- The taste of trade and the captives of trade -- The disease of trade -- Da Gama's urge -- A world encompassed -- The coming of corporations -- Transplants -- The triumph and tragedy of free trade -- What Henry Bessemer wrought -- Collapse -- The Battle of Seattle. |
| 520 ## - SUMMARY, ETC. |
| Summary, etc. |
Traces the evolution of international trade, from ancient Mesopotamia to today's global marketplace, exploring the influence of commerce on agriculture, technology, politics, and civilization as a whole. |
| 650 #0 - SUBJECT ADDED ENTRY--TOPICAL TERM |
| Topical term or geographic name entry element |
International trade |
| General subdivision |
History. |
| 9 (RLIN) |
8996 |
| 650 #0 - SUBJECT ADDED ENTRY--TOPICAL TERM |
| Topical term or geographic name entry element |
International economic relations |
| General subdivision |
History. |
| 9 (RLIN) |
8997 |
| 650 #0 - SUBJECT ADDED ENTRY--TOPICAL TERM |
| Topical term or geographic name entry element |
International business enterprises |
| General subdivision |
History. |
| 9 (RLIN) |
8998 |
| 650 #0 - SUBJECT ADDED ENTRY--TOPICAL TERM |
| Topical term or geographic name entry element |
Globalization |
| General subdivision |
History. |
| 9 (RLIN) |
8999 |
| 650 #7 - SUBJECT ADDED ENTRY--TOPICAL TERM |
| Topical term or geographic name entry element |
International trade |
| General subdivision |
History. |
| Source of heading or term |
sears |
| 9 (RLIN) |
8996 |
| 650 #7 - SUBJECT ADDED ENTRY--TOPICAL TERM |
| Topical term or geographic name entry element |
Globalization |
| General subdivision |
History. |
| Source of heading or term |
sears |
| 9 (RLIN) |
8999 |
| 653 ## - INDEX TERM--UNCONTROLLED |
| keyword |
ეკონომიკა |
| 653 ## - INDEX TERM--UNCONTROLLED |
| keyword |
ვაჭრობა |
| 653 ## - INDEX TERM--UNCONTROLLED |
| keyword |
ვაჭრობა მსოფლიოში |
| 856 42 - ELECTRONIC LOCATION AND ACCESS |
| Materials specified |
Publisher description |
| Uniform Resource Identifier |
http://www.loc.gov/catdir/enhancements/fy1502/2008358012-d.html |
| 906 ## - LOCAL DATA ELEMENT F, LDF (RLIN) |
| a |
7 |
| b |
cbc |
| c |
copycat |
| d |
2 |
| e |
ncip |
| f |
20 |
| g |
y-gencatlg |
| 942 ## - ADDED ENTRY ELEMENTS (KOHA) |
| Source of classification or shelving scheme |
|
| Koha item type |
წიგნი |